000 00929nam a2200217Ii 4500
003 JO-AjNU
008 230605s9999||||xx |||||||||||||| ||und||
017 _a1983/3851
040 _aJO-AjNU
_bara
_erda
_cJO-AjNU
041 _aara
050 1 4 _aBF141.W5612 1983
100 3 _aويتيج، أرنوف، الاشول، عادل عز الدين ،عبد الغفار،محمد عبد القادر؛ ترجمة ،عبد الغفار،عبد السلام/مراجعة,
_eauthor
_940451
245 0 0 _aملخصات شوم:نظريات ومسائل في مقدمة في علم النفس
264 3 1 _aالقاهرة:دار ماكجروهيل للنشر ، 1983
300 _a371ص
_bالفهرس الابجدي من ص 361-ص371
336 _atext
_btxt
_2rdacontent
337 _aunmediated
_bn
_2rdamedia
338 _avolume
_bnc
_2rdacarrier
490 0 _aسلسلة ملخصات شوم
650 4 _aعلم النفس
_940452
999 _aA17168
_c20736
_d20736